Normal view MARC view
  • Gomezjara, Francisco A.,

Entry Nombre Personal

Number of records used in: 14

001 - NUMERO DE CONTROL

  • campo de control: 30935

003 - IDENTIFICADOR DE NUMERO DE CONTROL

  • campo de control: UPN

005 - FECHA Y HORA DE LA ÜLTIMA TRANSACCIÓN

  • campo de control: 20210219194418.0

008 - DATOS DE LONGITUD FIJA

  • campo de control de longitud fija: nabaccnnaabn|||||||||| b |nc|||||d

035 ## - NUMERO DE CONTROL

  • Número de control: UPN11000003041

040 ## - FUENTE DE CATALOGACIÓN

  • Lenguaje de catalogación: SPA
  • Agencia de transcripción: UPN

100 1# - ENCABEZAMIENTO - NOMBRE PERSONAL

  • Nombre personal: Gomezjara, Francisco A.,
  • Fechas asociadas con el nombre: 1939-2001

400 1# - VEÁSE - NOMBRE DE PERSONA

  • Personal name: Gómez Jara, Francisco Aurelio,
  • Dates associated with a name: 1939-2001

670 ## - FUENTE EN LA QUE SE LOCALIZARON DATOS

  • Cita de la fuente: T/P
  • Uniform Resource Identifier: http://es.scribd.com/doc/43436542/Francisco-A-Gomezjara-sociologo-de-la-intervencion

902 ## - CATALOGADOR

  • Catalogador: CAA/130411